000 00229 a2200097 4500
001 54577
100 _aGhahramani, Saeed
245 _aFundamentals of Probability
260 _a[p p]
_b[n p]
_c2000
090 _c33950
_d33950
942 _aNUST-CAE
_cMONOGRAPH
_c26614
999 _c289650
_d289650